Taylor Swift - Paroles willow - Statistiques

Statistiques générales
  • Ce quiz a été pris 111 fois
  • Le résultat moyen est 366 sur 428
Statistiques - réponses
Hint Réponse % Correct
a
100%
I
98%
you
98%
You
98%
the
97%
Refrain The
97%
to
97%
when
97%
know
95%
my
95%
that
95%
was
95%
willow
95%
an
94%
for
94%
it
94%
less
94%
like
94%
Like
94%
more
94%
say
94%
take
94%
And
92%
and
92%
follow
92%
Couplet 1 I'm
92%
man
92%
That's
92%
that's
92%
your
92%
hand
91%
night
91%
win
91%
face
89%
on
89%
plans
89%
look
88%
where
88%
in
86%
Bridge | Couplet 2 Life
86%
begging
85%
Begging
85%
case
83%
if
83%
open
83%
Wreck
83%
could
82%
home
82%
stray
82%
water
82%
is
80%
knife
80%
me
80%
but
79%
But
79%
from
79%
Wherever
79%
Anywhere
76%
right
76%
wind
76%
else
74%
back
73%
ship
73%
were
73%
come
71%
known
71%
(oh)
71%
shut
71%
surface
71%
through
71%
champion
68%
cut
68%
dark
68%
Show
68%
after
67%
art
67%
hollow
67%
this
67%
would've
67%
feel
65%
I'll
65%
never
65%
of
65%
others
65%
than
65%
Yeah,
65%
Every
64%
meet
64%
or
64%
places
64%
ring
64%
stronger
64%
wine
64%
gave
62%
scars
62%
thing
62%
train
62%
work
62%
priceless
61%
again
59%
bent
59%
sneaking
59%
time
59%
trend
59%
trophy
59%
I'd
58%
should've
58%
Couplet 3 Wait
58%
Head
56%
pillow,
56%
Rough
56%
signal
56%
one
55%
there
55%
cheat
53%
Guess
53%
90's
52%
prize
52%
Now
50%
out
50%
Lost
47%
mythical
47%
rolled
47%
switch
44%
They
44%
As
41%
count
39%
Outro Hey,
39%
current
32%
bait
30%
Aucun quiz correspondant
Distribution des résultats
% des personnes avec chaque résultat
Percentile par nombre de réponses
Votre historique - résultats
Vous n’avez pas pris ce quiz